[Event "DVM U14 2015"]
[Site "Verden/Aller GER"]
[Date "2015.12.29"]
[Round "6"]
[White "Bahde, Thiemo"]
[Black "Koll, Linus"]
[Result "1/2-1/2"]
[Termination "normal"]
[Board "2.4"]
[WhiteElo "1113"]
[BlackElo "1462"]
[WhiteTeam "TuRa Harksheide Norderstedt"]
[BlackTeam "Karlsruher SF 1853"]
[PlyCount "126"]
[WhiteFideId "16205537"]
[BlackFideId "12990299"]
[EventCountry "GER"]
[EventRounds "7"]
[EventType "team-swiss"]
[EventDate "2015.12.26"]

1. e4 c5 2. Nc3 d6 3. Nf3 g6 4. d3 Bg7 5. g3 Nf6 6. Bg2 Nc6 7. O-O O-O 8. Be3
Ng4 9. Bg5 Nge5 10. Qd2 Re8 11. Rfe1 Bg4 12. Nxe5 Nxe5 13. Rab1 Qd7 14. Nd5 f6
15. Bh6 Bh8 16. Bf4 Rf8 17. Bxe5 fxe5 18. Qg5 Rae8 19. b4 cxb4 20. Rxb4 Be6 21.
Reb1 Bxd5 22. exd5 b6 23. h4 Bg7 24. Rf1 Rf7 25. Qd2 Rff8 26. Qc3 Rc8 27. Qd2
Rc5 28. Rbb1 Qa4 29. c4 Ra5 30. Rb2 e4 31. Rc2 exd3 32. Qxd3 Rc8 33. Re1 Bf6
34. Bf1 Rac5 35. Qb3 Qxb3 36. axb3 Rxd5 37. Bh3 Rf5 38. Bxf5 gxf5 39. Rce2 Kf7
40. Kg2 Bd4 41. Rd2 Bc5 42. Rb2 a5 43. Kf3 h5 44. Ree2 Kf6 45. Kg2 e5 46. f3
Rg8 47. Kh3 Ke6 48. Rb1 Kd7 49. Rg2 Kc6 50. g4 hxg4+ 51. fxg4 fxg4+ 52. Rxg4
Rh8 53. Rg6 Bf2 54. Rg4 Kc5 55. Rf1 Be3 56. Rf3 Bd4 57. Rg6 d5 58. cxd5 Kxd5
59. Kg4 Kc5 60. Kg5 Kb4 61. Rd3 Kc5 62. h5 b5 63. Ra6 Kb4 1/2-1/2

[Event "DVM U14 2015"]
[Site "Verden/Aller GER"]
[Date "2015.12.29"]
[Round "6"]
[White "Engel, Luis"]
[Black "Garbuz, Vitaliy"]
[Result "1/2-1/2"]
[Termination "normal"]
[Board "3.1"]
[WhiteElo "2117"]
[BlackElo "1882"]
[WhiteTeam "Hamburger SK von 1830"]
[BlackTeam "SF Brackel 1930"]
[PlyCount "73"]
[WhiteFideId "12961523"]
[BlackFideId "12990710"]
[EventCountry "GER"]
[EventRounds "7"]
[EventType "team-swiss"]
[EventDate "2015.12.26"]

1. d4 Nf6 2. Nf3 d5 3. Bf4 c5 4. e3 Nc6 5. c3 Qb6 6. Qb3 c4 7. Qc2 Bf5 8. Qc1
e6 9. Nbd2 Be7 10. Be2 O-O 11. O-O Qa5 12. a4 Qb6 13. Ne5 Nxe5 14. Bxe5 Ne4 15.
Nb1 Bg6 16. f3 Nd6 17. Nd2 a6 18. Re1 Qc6 19. a5 b5 20. axb6 Qxb6 21. Ra2 a5
22. Bd1 Rfc8 23. Bc2 f5 24. Ba4 Be8 25. Qc2 Bxa4 26. Qxa4 Qc6 27. Qxc6 Rxc6 28.
Bxd6 Bxd6 29. f4 Rb6 30. Kf2 Rb5 31. Rb1 Rab8 32. Ke2 a4 33. Kd1 a3 34. Kc2
Rxb2+ 35. Rbxb2 axb2 36. Rxb2 Rxb2+ 37. Kxb2 1/2-1/2

[Event "DVM U14 2015"]
[Site "Verden/Aller GER"]
[Date "2015.12.29"]
[Round "6"]
[White "Salem Elier, Ali"]
[Black "Holinka, Henning"]
[Result "0-1"]
[Termination "normal"]
[Board "3.2"]
[WhiteElo "1567"]
[BlackElo "2027"]
[WhiteTeam "SF Brackel 1930"]
[BlackTeam "Hamburger SK von 1830"]
[PlyCount "82"]
[WhiteFideId "16217543"]
[BlackFideId "12967084"]
[EventCountry "GER"]
[EventRounds "7"]
[EventType "team-swiss"]
[EventDate "2015.12.26"]

1. e4 g6 2. d4 Bg7 3. Nc3 a6 4. a4 d6 5. h4 h5 6. Bc4 Nf6 7. Nh3 e6 8. Bg5 Nbd7
9. f4 e5 10. dxe5 dxe5 11. fxe5 Nxe5 12. Qxd8+ Kxd8 13. O-O-O+ Ke8 14. Bb3 Bg4
15. Rd2 c6 16. Nf2 Rd8 17. Nxg4 hxg4 18. Rxd8+ Kxd8 19. Kd1 Ke7 20. Ke2 Bh6 21.
Bxh6 Rxh6 22. Kf2 g5 23. g3 Nf3 24. Bc4 gxh4 25. gxh4 Nxh4 26. Bd3 Kd6 27. Rf1
Ke5 28. Nd1 Nxe4+ 29. Bxe4 Rf6+ 30. Ke1 Rxf1+ 31. Kxf1 Kxe4 32. Nf2+ Kf3 33.
Nd3 f5 34. a5 g3 35. Ne5+ Ke4 36. Nd3 f4 37. Ke2 f3+ 38. Kf1 Ke3 39. b4 g2+ 40.
Kg1 Nf5 41. b5 Nd4 0-1

[Event "DVM U14 2015"]
[Site "Verden/Aller GER"]
[Date "2015.12.29"]
[Round "6"]
[White "Meyling, Lennart"]
[Black "Kartsev, Nikolaj"]
[Result "1-0"]
[Termination "normal"]
[Board "3.3"]
[WhiteElo "1763"]
[BlackElo "1700"]
[WhiteTeam "Hamburger SK von 1830"]
[BlackTeam "SF Brackel 1930"]
[PlyCount "87"]
[WhiteFideId "12947130"]
[BlackFideId "12939536"]
[EventCountry "GER"]
[EventRounds "7"]
[EventType "team-swiss"]
[EventDate "2015.12.26"]

1. d4 Nf6 2. Nc3 g6 3. e4 d6 4. Be3 Bg7 5. Qd2 O-O 6. O-O-O Nc6 7. Be2 a6 8.
Bf3 e5 9. d5 Ne7 10. Bh6 Ne8 11. Bxg7 Kxg7 12. h4 f5 13. h5 f4 14. g3 g5 15.
gxf4 gxf4 16. h6+ Kf7 17. Bh5+ Ng6 18. Nf3 Nf6 19. Bxg6+ Kxg6 20. Rdg1+ Kf7 21.
Rg7+ Ke8 22. Ng5 Rg8 23. Nxh7 Rxg7 24. hxg7 Kf7 25. Nxf6 Qxf6 26. Rg1 Bd7 27.
Qd1 Qh6 28. Qd3 Qh2 29. Qf1 Bh3 30. Qd1 Bg2 31. Re1 Qh4 32. Qe2 Kxg7 33. Rg1 f3
34. Qxf3 Qg5+ 35. Qe3 Qg4 36. f3 Qh3 37. Qf2 Rf8 38. Rxg2+ Kf7 39. Qg3 Qh6+ 40.
Qg5 Qh1+ 41. Nd1 Qh7 42. Ne3 Qh1+ 43. Rg1 Qxf3 44. Rf1 1-0

[Event "DVM U14 2015"]
[Site "Verden/Aller GER"]
[Date "2015.12.29"]
[Round "6"]
[White "Kracht, Raphael"]
[Black "Fuhrmann, Äke"]
[Result "0-1"]
[Termination "normal"]
[Board "3.4"]
[WhiteElo "1689"]
[BlackElo "1601"]
[WhiteTeam "SF Brackel 1930"]
[BlackTeam "Hamburger SK von 1830"]
[PlyCount "60"]
[WhiteFideId "16214382"]
[BlackFideId "12983853"]
[EventCountry "GER"]
[EventRounds "7"]
[EventType "team-swiss"]
[EventDate "2015.12.26"]

1. e4 c5 2. d4 cxd4 3. c3 d3 4. Bxd3 Nc6 5. c4 d6 6. h3 Nf6 7. Nc3 g6 8. Nf3
Bg7 9. O-O O-O 10. Be3 b6 11. Rc1 Bb7 12. Qe2 Rc8 13. Rfd1 Nd7 14. b3 Nc5 15.
Bb1 a6 16. Nd4 Nxd4 17. Bxd4 Bxd4 18. Rxd4 Qc7 19. Nd5 Bxd5 20. exd5 a5 21. Qe3
e5 22. dxe6 fxe6 23. Rcd1 Rcd8 24. Qd2 Nb7 25. Be4 e5 26. Bd5+ Kh8 27. Rh4 Nc5
28. Qg5 Qg7 29. Rd2 Qf6 30. Qe3 Qxh4 0-1

[Event "DVM U14 2015"]
[Site "Verden/Aller GER"]
[Date "2015.12.29"]
[Round "6"]
[White "Askerov, Imamali"]
[Black "Browning, Alex"]
[Result "0-1"]
[Termination "normal"]
[Board "4.1"]
[WhiteElo "1883"]
[BlackElo "1933"]
[WhiteTeam "Post SV Uelzen"]
[BlackTeam "Märkischer Springer Halver-Schalksmühle"]
[PlyCount "66"]
[WhiteFideId "12974498"]
[BlackFideId "12984019"]
[EventCountry "GER"]
[EventRounds "7"]
[EventType "team-swiss"]
[EventDate "2015.12.26"]

1. e4 c5 2. Nf3 d6 3. d4 cxd4 4. Nxd4 Nf6 5. Nc3 a6 6. h3 e5 7. Nde2 b5 8. Bg5
Nbd7 9. g4 Bb7 10. Bg2 h6 11. Bxf6 Nxf6 12. a3 Be7 13. O-O O-O 14. Ng3 g6 15.
Qd2 Kh7 16. Rad1 Rc8 17. Kh2 Nd7 18. Qe2 Qc7 19. Rfe1 Nb6 20. Nf1 Bg5 21. Ne3
Bxe3 22. Qxe3 Nc4 23. Qc1 Nxa3 24. bxa3 Qxc3 25. Rxd6 Qxc2 26. Qe3 Qc3 27. Rd3
Qc5 28. Qg3 a5 29. Rb1 Rb8 30. Rdb3 Bc8 31. Qd3 Qxf2 32. Rxb5 Ba6 33. Rf1 Bxb5
0-1

[Event "DVM U14 2015"]
[Site "Verden/Aller GER"]
[Date "2015.12.29"]
[Round "6"]
[White "Scholz, Sebastian"]
[Black "von Estorff, Jacob"]
[Result "1/2-1/2"]
[Termination "normal"]
[Board "4.2"]
[WhiteElo "1744"]
[BlackElo "1841"]
[WhiteTeam "Märkischer Springer Halver-Schalksmühle"]
[BlackTeam "Post SV Uelzen"]
[PlyCount "113"]
[WhiteFideId "16202597"]
[BlackFideId "12974501"]
[EventCountry "GER"]
[EventRounds "7"]
[EventType "team-swiss"]
[EventDate "2015.12.26"]

1. e4 c5 2. c3 d5 3. exd5 Qxd5 4. d4 Nc6 5. Nf3 Bg4 6. Be2 e6 7. O-O Nf6 8. Be3
cxd4 9. cxd4 Qd7 10. Nc3 Bb4 11. Qb3 O-O 12. Rfd1 Bxc3 13. bxc3 Rac8 14. Ne5
Nxe5 15. dxe5 Qc7 16. exf6 Bxe2 17. fxg7 Kxg7 18. Re1 Bh5 19. Bxa7 Kg8 20. Bd4
Bg6 21. Qb5 Rfd8 22. Bb6 Qd7 23. Qe5 f6 24. Qxf6 Rf8 25. Qxe6+ Qxe6 26. Rxe6
Rxc3 27. Re7 Rf7 28. Re8+ Rf8 29. Rxf8+ Kxf8 30. a4 Rb3 31. a5 Rb1+ 32. Rxb1
Bxb1 33. g4 Kf7 34. f4 Be4 35. Kf2 Kg6 36. Kg3 Bd5 37. f5+ Kf6 38. Kf4 Bc4 39.
h4 Kf7 40. Kg5 Be2 41. h5 Bd1 42. Kh4 Bc2 43. Bd4 Bd3 44. Kg5 Be2 45. Kf4 Bd1
46. h6 Bc2 47. g5 Kg8 48. Bf6 Bb1 49. Ke5 Bc2 50. Bg7 Kf7 51. Bf8 Kxf8 52. Kf6
Kg8 53. g6 hxg6 54. fxg6 Bb3 55. Ke7 Bc4 56. Kf6 Bd3 57. Kg5 1/2-1/2

[Event "DVM U14 2015"]
[Site "Verden/Aller GER"]
[Date "2015.12.29"]
[Round "6"]
[White "Knüdel, Torben"]
[Black "Kölz, Niklas"]
[Result "0-1"]
[Termination "normal"]
[Board "4.3"]
[WhiteElo "1697"]
[BlackElo "1703"]
[WhiteTeam "Post SV Uelzen"]
[BlackTeam "Märkischer Springer Halver-Schalksmühle"]
[PlyCount "82"]
[WhiteFideId "16208820"]
[BlackFideId "12971758"]
[EventCountry "GER"]
[EventRounds "7"]
[EventType "team-swiss"]
[EventDate "2015.12.26"]

1. d4 Nf6 2. Nf3 e6 3. g3 d5 4. Bg2 Bd6 5. Bf4 Bxf4 6. gxf4 Qd6 7. Qc1 Nc6 8.
O-O Nh5 9. e3 f5 10. Nbd2 Ne7 11. c4 c6 12. a3 O-O 13. Kh1 Rf6 14. Ne5 Rh6 15.
Ndf3 Ng6 16. Nd3 Nf6 17. Rg1 Nh4 18. Ng5 Bd7 19. f3 Rh5 20. Ne5 Be8 21. Qd1 Rh6
22. cxd5 exd5 23. Qc2 Nd7 24. Bh3 Rf6 25. Qf2 Ng6 26. e4 fxe4 27. Bxd7 Bxd7 28.
fxe4 Rxf4 29. Qg3 dxe4 30. Nxh7 Bf5 31. Ng5 Qf6 32. Raf1 Rxf1 33. Rxf1 Nxe5 34.
dxe5 Qg6 35. Qf4 Rf8 36. e6 Qf6 37. Qh4 e3 38. Kg1 e2 39. Re1 Bg6 40. h3 Qe5
41. Qg4 Qe3+ 0-1

[Event "DVM U14 2015"]
[Site "Verden/Aller GER"]
[Date "2015.12.29"]
[Round "6"]
[White "Browning, Rebecca"]
[Black "Rothenberg, Jannik"]
[Result "0-1"]
[Termination "normal"]
[Board "4.4"]
[WhiteElo "1589"]
[BlackElo "1430"]
[WhiteTeam "Märkischer Springer Halver-Schalksmühle"]
[BlackTeam "Post SV Uelzen"]
[PlyCount "48"]
[WhiteFideId "12984027"]
[BlackFideId "16204743"]
[EventCountry "GER"]
[EventRounds "7"]
[EventType "team-swiss"]
[EventDate "2015.12.26"]

1. e4 e6 2. Nf3 d5 3. exd5 exd5 4. d4 Bd6 5. Bd3 Ne7 6. O-O O-O 7. Bxh7+ Kxh7
8. Ng5+ Kg8 9. Qh5 Bf5 10. g4 Bg6 11. Qh3 Qd7 12. Re1 Nbc6 13. c3 Nd8 14. f4 f5
15. gxf5 Qxf5 16. Qh4 Bxf4 17. Bxf4 Qxf4 18. Qxf4 Rxf4 19. Rxe7 Rg4+ 20. Kf2
Rxg5 21. Rxc7 Ne6 22. Re7 Rf8+ 23. Ke3 Rg1 24. Kd2 Rf2+ 0-1

[Event "DVM U14 2015"]
[Site "Verden/Aller GER"]
[Date "2015.12.29"]
[Round "6"]
[White "Silber, Kevin"]
[Black "Kesselmeier, Kevin"]
[Result "1-0"]
[Termination "normal"]
[Board "5.1"]
[WhiteElo "1836"]
[BlackElo "1660"]
[WhiteTeam "Delmenhorster SK V 1931"]
[BlackTeam "SK Blauer Springer Paderborn 1926"]
[PlyCount "55"]
[WhiteFideId "12930440"]
[BlackFideId "16217551"]
[EventCountry "GER"]
[EventRounds "7"]
[EventType "team-swiss"]
[EventDate "2015.12.26"]

1. e4 c5 2. Nf3 d6 3. d4 cxd4 4. Nxd4 Nf6 5. Nc3 a6 6. Bg5 Nbd7 7. Qe2 Qc7 8.
O-O-O g6 9. f4 Bg7 10. Nd5 Nxd5 11. exd5 Nf6 12. Bxf6 Bxf6 13. g4 h5 14. f5
gxf5 15. gxh5 Bd7 16. Bh3 Rc8 17. Nxf5 Bb5 18. Qg2 Bxb2+ 19. Kb1 Ba4 20. c4 Bc3
21. Ng7+ Kd8 22. Bxc8 Qb6+ 23. Kc1 Qb4 24. Rd2 Bxd2+ 25. Qxd2 Qxc4+ 26. Kb2
Qb5+ 27. Ka1 Qc4 28. Rc1 1-0

[Event "DVM U14 2015"]
[Site "Verden/Aller GER"]
[Date "2015.12.29"]
[Round "6"]
[White "Schlangenotto, Niklas"]
[Black "Sinnhöfer, Jonas"]
[Result "1-0"]
[Termination "normal"]
[Board "5.2"]
[WhiteElo "1661"]
[BlackElo "1741"]
[WhiteTeam "SK Blauer Springer Paderborn 1926"]
[BlackTeam "Delmenhorster SK V 1931"]
[PlyCount "53"]
[WhiteFideId "16217560"]
[BlackFideId "12982938"]
[EventCountry "GER"]
[EventRounds "7"]
[EventType "team-swiss"]
[EventDate "2015.12.26"]

1. d4 Nf6 2. Nf3 g6 3. g3 Bg7 4. Bg2 O-O 5. O-O d6 6. c4 Nc6 7. Nc3 e5 8. e4
Bg4 9. Be3 Nd7 10. d5 Ne7 11. Qc2 f5 12. Ng5 fxe4 13. h3 Bf5 14. g4 h6 15. gxf5
hxg5 16. fxg6 Nxg6 17. Nxe4 Nf4 18. Rae1 b6 19. b4 a5 20. b5 Kf7 21. Bxf4 gxf4
22. Bf3 Rh8 23. Bg4 Bf6 24. Kh2 Qe7 25. Rg1 Raf8 26. Nxf6 Nxf6 27. Bh5+ 1-0

[Event "DVM U14 2015"]
[Site "Verden/Aller GER"]
[Date "2015.12.29"]
[Round "6"]
[White "Rautenberg, Jakob"]
[Black "Wanke, Mathis"]
[Result "1-0"]
[Termination "normal"]
[Board "5.3"]
[WhiteElo "1364"]
[BlackElo "1544"]
[WhiteTeam "Delmenhorster SK V 1931"]
[BlackTeam "SK Blauer Springer Paderborn 1926"]
[PlyCount "33"]
[WhiteFideId "16214749"]
[BlackFideId "16217578"]
[EventCountry "GER"]
[EventRounds "7"]
[EventType "team-swiss"]
[EventDate "2015.12.26"]

1. e4 c5 2. Nf3 d6 3. d4 cxd4 4. Nxd4 Nf6 5. f3 e5 6. Bb5+ Bd7 7. Bxd7+ Qxd7 8.
Nf5 Nc6 9. Nc3 g6 10. Ne3 a6 11. Ned5 Nxd5 12. Nxd5 Qd8 13. Be3 Rb8 14. Bb6 Qc8
15. Bc7 Ra8 16. Nf6+ Ke7 17. Qxd6# 1-0

[Event "DVM U14 2015"]
[Site "Verden/Aller GER"]
[Date "2015.12.29"]
[Round "6"]
[White "Müller, Noah"]
[Black "Rabe, Maximilian"]
[Result "1-0"]
[Termination "normal"]
[Board "5.4"]
[WhiteElo "1619"]
[BlackElo "1204"]
[WhiteTeam "SK Blauer Springer Paderborn 1926"]
[BlackTeam "Delmenhorster SK V 1931"]
[PlyCount "57"]
[WhiteFideId "16217586"]
[BlackFideId "12982911"]
[EventCountry "GER"]
[EventRounds "7"]
[EventType "team-swiss"]
[EventDate "2015.12.26"]

1. c4 c5 2. g3 g6 3. Bg2 Bg7 4. Nc3 Nc6 5. e4 e5 6. Nge2 Nge7 7. d3 d6 8. O-O
O-O 9. Be3 Be6 10. Qd2 Qd7 11. f4 Rad8 12. Nd5 f5 13. Nec3 Nd4 14. fxe5 Bxe5
15. Bg5 Rde8 16. Nxe7+ Rxe7 17. Bxe7 Qxe7 18. Nd5 Qd7 19. Rab1 Rf7 20. Nf4 a6
21. Nxe6 Qxe6 22. exf5 Nxf5 23. Bd5 Bd4+ 24. Kh1 Qd7 25. Bxf7+ Qxf7 26. g4 Ng3+
27. hxg3 Qd7 28. Qf4 Be5 29. Qf8# 1-0

[Event "DVM U14 2015"]
[Site "Verden/Aller GER"]
[Date "2015.12.29"]
[Round "6"]
[White "Wendler, David"]
[Black "Tong, Kevin"]
[Result "1/2-1/2"]
[Termination "normal"]
[Board "6.1"]
[WhiteElo "1912"]
[BlackElo "2033"]
[WhiteTeam "SK Bebenhausen 1992"]
[BlackTeam "SC Erlangen 48/88"]
[PlyCount "105"]
[WhiteFideId "12938360"]
[BlackFideId "12913944"]
[EventCountry "GER"]
[EventRounds "7"]
[EventType "team-swiss"]
[EventDate "2015.12.26"]

1. e4 e5 2. Nf3 Nc6 3. Bb5 a6 4. Ba4 Nf6 5. d3 b5 6. Bb3 Be7 7. O-O O-O 8. Re1
d6 9. c3 Be6 10. Bc2 Re8 11. Nbd2 Bf8 12. Nf1 g6 13. Ng3 Bg7 14. d4 exd4 15.
cxd4 Bg4 16. Be3 Nd7 17. Bb3 Nb6 18. Rc1 Na5 19. h3 Bxf3 20. Qxf3 Nxb3 21. axb3
Qd7 22. Red1 a5 23. Bf4 a4 24. e5 d5 25. Qc3 Rec8 26. Nf1 axb3 27. Qxb3 Nc4 28.
Ne3 h5 29. Qc3 c6 30. Ra1 Qb7 31. b3 Nxe3 32. Bxe3 Bf8 33. Rxa8 Rxa8 34. Ra1
Ra3 35. Rxa3 Bxa3 36. Qa5 Be7 37. b4 Kf8 38. g3 Ke8 39. Kh2 Bd8 40. Qa1 Bb6 41.
g4 hxg4 42. hxg4 Qa7 43. Qxa7 Bxa7 44. g5 Ke7 45. Kg3 Ke6 46. Kg4 Bb8 47. f4
Bc7 48. Bd2 Bd8 49. Bc3 Be7 50. Bd2 Bd8 51. Bc3 Bb6 52. Bb2 Ba7 53. Bc3 1/2-1/2

[Event "DVM U14 2015"]
[Site "Verden/Aller GER"]
[Date "2015.12.29"]
[Round "6"]
[White "Haas, Maximilian"]
[Black "Grimm, Ling Leander"]
[Result "1-0"]
[Termination "normal"]
[Board "6.2"]
[WhiteElo "1650"]
[BlackElo "1749"]
[WhiteTeam "SC Erlangen 48/88"]
[BlackTeam "SK Bebenhausen 1992"]
[PlyCount "147"]
[WhiteFideId "12959219"]
[BlackFideId "12968277"]
[EventCountry "GER"]
[EventRounds "7"]
[EventType "team-swiss"]
[EventDate "2015.12.26"]

1. b4 e5 2. Bb2 d6 3. e3 Be6 4. c4 g6 5. d4 exd4 6. Bxd4 Nf6 7. Qf3 Bg7 8. Qxb7
Nbd7 9. Qc6 O-O 10. Nd2 Ng4 11. Bxg7 Kxg7 12. Ngf3 Qf6 13. Rb1 Nde5 14. Qa4
Nxf3+ 15. gxf3 Ne5 16. Be2 d5 17. f4 Nxc4 18. Bxc4 dxc4 19. Qc6 Rad8 20. Qxc7
c3 21. Ne4 Qf5 22. Qxc3+ Kh6 23. Nd2 Rxd2 24. Kxd2 Rd8+ 25. Ke2 Qg4+ 26. Ke1
Qg2 27. Rf1 Bh3 28. Qc4 Rc8 29. Qb5 Qe4 30. Qg5+ Kg7 31. Qe5+ Qxe5 32. fxe5
Bxf1 33. Kxf1 Rc2 34. a3 Kf8 35. Kg2 Ke7 36. Kg3 Ke6 37. f4 Rc3 38. Kf3 Rxa3
39. b5 Ra2 40. b6 axb6 41. Rxb6+ Ke7 42. h3 Rh2 43. Kg3 Re2 44. Rb3 Ke6 45. h4
Re1 46. h5 gxh5 47. Rb6+ Ke7 48. Kf2 Rh1 49. Rh6 h4 50. Rxh7 h3 51. Kg3 Re1 52.
Kf2 Rh1 53. f5 Ra1 54. Kf3 Ra5 55. Kf4 Ra4+ 56. e4 Ra3 57. e6 h2 58. Rxf7+ Ke8
59. Rh7 Ra2 60. Kg3 Re2 61. f6 Kd8 62. Rh8+ Kc7 63. Rxh2 Rxe4 64. f7 Rxe6 65.
f8=Q Kd7 66. Rd2+ Kc7 67. Qd8+ Kb7 68. Qd7+ Kb6 69. Rb2+ Kc5 70. Rb5+ Kc4 71.
Qd5+ Kc3 72. Rb3+ Kc2 73. Qd3+ Kc1 74. Rb1# 1-0

[Event "DVM U14 2015"]
[Site "Verden/Aller GER"]
[Date "2015.12.29"]
[Round "6"]
[White "De Rentiis, Davide Luca"]
[Black "Grüninger, Maxim"]
[Result "1-0"]
[Termination "normal"]
[Board "6.3"]
[WhiteElo "1287"]
[BlackElo "1579"]
[WhiteTeam "SK Bebenhausen 1992"]
[BlackTeam "SC Erlangen 48/88"]
[PlyCount "103"]
[WhiteFideId "12967050"]
[BlackFideId "12942960"]
[EventCountry "GER"]
[EventRounds "7"]
[EventType "team-swiss"]
[EventDate "2015.12.26"]

1. e4 c5 2. d4 cxd4 3. c3 g6 4. Nf3 Bg7 5. cxd4 d5 6. e5 Bg4 7. Be3 Nh6 8. Bd3
O-O 9. h3 Bxf3 10. Qxf3 Nc6 11. Nd2 e6 12. Nb3 Qb6 13. O-O Rfd8 14. Qe2 a5 15.
Bb5 Nf5 16. Bxc6 bxc6 17. Rfd1 Qc7 18. Rac1 Rdc8 19. Nc5 Bf8 20. Na4 Rab8 21.
Nc3 Bg7 22. Rc2 c5 23. Na4 c4 24. Rdc1 Rb4 25. Nc5 Qc6 26. Nb3 Qb6 27. Na1 f6
28. b3 Qa6 29. bxc4 Rbxc4 30. Rxc4 Rxc4 31. Rxc4 dxc4 32. Nb3 fxe5 33. Nc5 Qd6
34. Qxc4 exd4 35. Bd2 Kf7 36. Ne4 Qd5 37. Qxd5 exd5 38. Ng5+ Kg8 39. Bxa5 Bh6
40. Nf3 Kf7 41. Kf1 Ke6 42. Ke2 Kd6 43. Kd3 Kc5 44. a4 Bg7 45. Bd8 Nd6 46. a5
Kc6 47. Nxd4+ Bxd4 48. Kxd4 Nb7 49. Bb6 Nd6 50. g4 Nf7 51. f4 Nd6 52. h4 1-0

[Event "DVM U14 2015"]
[Site "Verden/Aller GER"]
[Date "2015.12.29"]
[Round "6"]
[White "Richardt, Josia"]
[Black "Greitmann, Niklas"]
[Result "1/2-1/2"]
[Termination "normal"]
[Board "6.4"]
[WhiteElo "1246"]
[BlackElo "1265"]
[WhiteTeam "SC Erlangen 48/88"]
[BlackTeam "SK Bebenhausen 1992"]
[PlyCount "81"]
[WhiteFideId "16217594"]
[BlackFideId "16200705"]
[EventCountry "GER"]
[EventRounds "7"]
[EventType "team-swiss"]
[EventDate "2015.12.26"]

1. e4 c5 2. c4 Nc6 3. Nc3 g6 4. g3 Bg7 5. Nge2 Nf6 6. Bg2 O-O 7. O-O d6 8. d3
Bd7 9. h3 a6 10. a4 Nb4 11. Rb1 Bc6 12. b3 Nd7 13. Bb2 Rb8 14. Nd5 Bxd5 15.
exd5 Bxb2 16. Rxb2 Ne5 17. Nc1 Qb6 18. Kh2 a5 19. Re1 Rfe8 20. Rbe2 Qd8 21. f4
Nd7 22. Na2 Nxa2 23. Rxa2 Rc8 24. Qg4 Kg7 25. h4 h5 26. Qf3 f5 27. Rae2 Nf6 28.
Bh3 Rc7 29. Re3 Rd7 30. Qe2 Qb6 31. Qb2 Qc7 32. Re6 Kf7 33. R1e2 Qd8 34. Qb1
Rc7 35. Qe1 b6 36. Qd1 Ra7 37. Re1 Rc7 38. R1e2 Ra7 39. Re1 Rb7 40. R1e2 Rc7
41. Re1 1/2-1/2

[Event "DVM U14 2015"]
[Site "Verden/Aller GER"]
[Date "2015.12.29"]
[Round "6"]
[White "Kunath, Tim"]
[Black "Enxing, Philemon"]
[Result "1-0"]
[Termination "normal"]
[Board "7.1"]
[WhiteElo "1769"]
[BlackElo "1494"]
[WhiteTeam "TuS Coswig 1920"]
[BlackTeam "SG Leipzig"]
[PlyCount "101"]
[WhiteFideId "12985074"]
[BlackFideId "16217632"]
[EventCountry "GER"]
[EventRounds "7"]
[EventType "team-swiss"]
[EventDate "2015.12.26"]

1. e4 e6 2. d4 d5 3. Nd2 c5 4. exd5 exd5 5. Ngf3 Nf6 6. Bb5+ Bd7 7. Bxd7+ Nbxd7
8. O-O Be7 9. dxc5 Nxc5 10. c3 O-O 11. Nb3 Nce4 12. Nfd4 Qd7 13. Bf4 Bd8 14. f3
Nd6 15. Nc5 Qc7 16. Bxd6 Qxd6 17. Nxb7 Qb6 18. Nxd8 Rfxd8 19. Qd2 Rd6 20. Kh1
Qb7 21. Rfe1 Qd7 22. Re5 Re8 23. Rxe8+ Nxe8 24. Re1 Rg6 25. Qe2 Nd6 26. Qe7
Qxe7 27. Rxe7 Kf8 28. Rxa7 Nc4 29. Rb7 Rb6 30. Rxb6 Nxb6 31. b3 Ke8 32. Kg1 Kd7
33. Kf2 Nc8 34. Ke3 Nd6 35. a4 g5 36. g4 Kc8 37. Nf5 Nb7 38. Kd4 Na5 39. b4 Nc4
40. Ne7+ Kd7 41. Nxd5 Nd2 42. a5 Kc8 43. Kc5 Nxf3 44. a6 Ne5 45. b5 Kb8 46. b6
Nd7+ 47. Kb5 f5 48. gxf5 g4 49. Nc7 g3 50. a7+ Kb7 51. a8=Q# 1-0

[Event "DVM U14 2015"]
[Site "Verden/Aller GER"]
[Date "2015.12.29"]
[Round "6"]
[White "Mücka, Cedric"]
[Black "Lehne, Arwin Hugo"]
[Result "0-1"]
[Termination "normal"]
[Board "7.2"]
[WhiteElo "1397"]
[BlackElo "1437"]
[WhiteTeam "SG Leipzig"]
[BlackTeam "TuS Coswig 1920"]
[PlyCount "90"]
[WhiteFideId "16217640"]
[BlackFideId "12985090"]
[EventCountry "GER"]
[EventRounds "7"]
[EventType "team-swiss"]
[EventDate "2015.12.26"]

1. e4 c5 2. Nf3 Nc6 3. d4 cxd4 4. Nxd4 g6 5. Nc3 Bg7 6. Be3 Nf6 7. f3 O-O 8.
Bc4 d6 9. Qd2 Bd7 10. O-O-O a6 11. Kb1 Na5 12. Bb3 Nxb3 13. Nxb3 Rc8 14. Nd4
Qa5 15. Nd5 Qd8 16. g4 Bc6 17. Nc3 Qc7 18. h4 h5 19. g5 Nd7 20. f4 Nb6 21. Qd3
Be8 22. Nde2 Nc4 23. Bc1 b5 24. Nd5 Qb7 25. b3 Nb6 26. Nxb6 Qxb6 27. Bb2 Bxb2
28. Kxb2 Bc6 29. Rhf1 b4 30. f5 Bb5 31. Qd2 a5 32. f6 e6 33. Rfe1 Bxe2 34. Rxe2
Rc6 35. Qd4 Qc7 36. Red2 Rc8 37. Qf2 Rc3 38. Rh1 Qc6 39. Qe2 a4 40. Qg2 axb3
41. cxb3 Qa6 42. Kb1 Qc6 43. Qf1 Qxe4+ 44. Ka1 Rc2 45. Rxc2 Rxc2 0-1

[Event "DVM U14 2015"]
[Site "Verden/Aller GER"]
[Date "2015.12.29"]
[Round "6"]
[White "von Koslowski, Wilhelm"]
[Black "Wang, Ruiming"]
[Result "0-1"]
[Termination "normal"]
[Board "7.3"]
[WhiteElo "1526"]
[BlackElo "1355"]
[WhiteTeam "TuS Coswig 1920"]
[BlackTeam "SG Leipzig"]
[PlyCount "94"]
[WhiteFideId "12985147"]
[BlackFideId "16217659"]
[EventCountry "GER"]
[EventRounds "7"]
[EventType "team-swiss"]
[EventDate "2015.12.26"]

1. e4 c5 2. Nf3 d6 3. d4 cxd4 4. Nxd4 Nf6 5. Nc3 g6 6. Be3 Bg7 7. Bc4 O-O 8. f3
Nc6 9. O-O Bd7 10. Nde2 Rc8 11. Bb3 a6 12. Nd5 Nxd5 13. exd5 Na5 14. Bd4 Nxb3
15. axb3 Bf5 16. c4 Bxd4+ 17. Nxd4 Bd7 18. Re1 Re8 19. Qd2 Qb6 20. Kh1 Kg7 21.
Qc3 f6 22. Re4 Kf7 23. Rae1 Qd8 24. Qe3 f5 25. Ne6 Bxe6 26. Rxe6 Rc7 27. Qg5 b5
28. g4 fxg4 29. fxg4 Kg7 30. h4 bxc4 31. h5 cxb3 32. hxg6 h6 33. Qe3 Rf8 34.
Qxb3 Rf6 35. Qd3 Rxe6 36. Rxe6 Qc8 37. Kh2 Qb8 38. Qd4+ Kg8 39. Re2 Qe8 40. Qe4
Kg7 41. Qd3 Qxg6 42. Qxa6 Rc2 43. Kg3 h5 44. Rxe7+ Kf8 45. Re2 Qxg4+ 46. Kf2
Qf4+ 47. Ke1 Rc1# 0-1